Social strarification and social inequality: models of intersectionality and identity/
Guardado en:
| Autor principal: | |
|---|---|
| Formato: | Libro |
| Lenguaje: | English |
| Etiquetas: |
Agregar Etiqueta
Sin Etiquetas, Sea el primero en etiquetar este registro!
|
MARC
| LEADER | 00000nam a22000007a 4500 | ||
|---|---|---|---|
| 003 | cru CRAI/IIS | ||
| 005 | 20200220115853.0 | ||
| 008 | 200220t2005 nyu|||||r||||||0| ||eng|d | ||
| 999 | |c 42957 |d 42957 | ||
| 040 | |c cru CRAI/IIS | ||
| 100 | 1 | |9 9097 |a Anthias, Floya | |
| 245 | 1 | |a Social strarification and social inequality: |b models of intersectionality and identity/ |c Floya Anthias | |
| 300 | |a páginas 24-45 | ||
| 773 | 0 | |0 42779 |9 4170 |d New York: Palgrave Macmillan, 2005 |o 18552 |t Rethinking class: |z 9780333968956 | |
| 942 | |2 ddc |c LI | ||



